ARRUPE JESUIT UNIVERSITY

CORONAVIRUS -STOP THE SPREAD - CLEAN,DISINFECT,COVER

The Catholic encyclopedia (Record no. 28678)

MARC details
000 -LEADER
fixed length control field 00453nam a2200193Ia 4500
003 - CONTROL NUMBER IDENTIFIER
control field 0100
008 - FIXED-LENGTH DATA ELEMENTS--GENERAL INFORMATION
fixed length control field 130303s9999 xx 000 0 und d
040 ## - CATALOGING SOURCE
Transcribing agency ARRUPELIB
050 ## - LIBRARY OF CONGRESS CALL NUMBER
Classification number REF. BX841.B695 1976
300 ## - PHYSICAL DESCRIPTION
Other physical details 32 cm
100 ## - MAIN ENTRY--PERSONAL NAME
Personal name Broderick ,Robert C
245 #4 - TITLE STATEMENT
Title The Catholic encyclopedia
260 ## - PUBLICATION, DISTRIBUTION, ETC. (IMPRINT)
Place of publication, distribution, etc Nashville
260 ## - PUBLICATION, DISTRIBUTION, ETC. (IMPRINT)
Name of publisher, distributor, etc Thomas Nelson
260 ## - PUBLICATION, DISTRIBUTION, ETC. (IMPRINT)
-- 1976
300 ## - PHYSICAL DESCRIPTION
Extent 612p.
700 ## - ADDED ENTRY--PERSONAL NAME
Personal name Broderick , Virginia (ill.)
942 00 - ADDED ENTRY ELEMENTS (KOHA)
Koha issues (borrowed), all copies 2
Holdings
Withdrawn status Lost status Source of classification or shelving scheme Damaged status Not for loan Collection code Home library Current library Date acquired Total Checkouts Full call number Barcode Date last seen Copy number Price effective from Koha item type Date checked out
    Library of Congress Classification     REFERENCE ARRUPE LIBRARY ARRUPE LIBRARY 04/03/2013   REF. BX841.B695 1976 46003038013 04/03/2013 1 04/03/2013 REFERENCE  
    Library of Congress Classification     REFERENCE ARRUPE LIBRARY ARRUPE LIBRARY 04/03/2013   REF. BX841.B695 1976 46003038016 04/03/2013 2 04/03/2013 REFERENCE  
    Library of Congress Classification     REFERENCE ARRUPE LIBRARY ARRUPE LIBRARY 04/03/2013 2 REF. BX841.B695 1976 46003023156 28/04/2014 3 04/03/2013 REFERENCE 16/04/2014
    Library of Congress Classification     REFERENCE ARRUPE LIBRARY ARRUPE LIBRARY 05/03/2013   REF. BX841.B694 1976 46003023154 05/03/2013 4 05/03/2013 REFERENCE  

 

Arrupe Library. PO Box MP320 Mt Pleasant, Harare, Zimbabwe
263 242 745411|librarian@aju.ac.zw